Znovu pri cenách Nadácie Matice slovenskej príhovor v Nitre 3.2.2006

Bibliographic Details
Main Author: Markuš, Jozef, 1944-2025 (Author)
Format: Article
Language:Slovak
PhysicalDescription:Fotogr.
ISSN:0862-8823
Subjects:

MARC

LEADER 00000nab a2200000 ar4500
001 vtls008699372
003 SK-MaSNL
005 20260304025008.0
008 060510c2006 xo sr|p|||||||000 b|slo
015 |a SNBRB2006/05  |2 snkbucl 
038 |a SNKBUCL 
040 |a SNKBUCL  |b slo  |c SNKBUCL  |e AACR2 
041 0 |a slo 
044 |a xo  |c SK 
080 |a 061.22(437.6):06.068  |2 UDC-MRF-SK2 
100 1 |a Markuš, Jozef,  |d 1944-2025  |4 aut  |9 226346 
245 1 0 |a Znovu pri cenách Nadácie Matice slovenskej  |b príhovor v Nitre 3.2.2006  |c Jozef Markuš 
300 |b Fotogr. 
610 2 7 |a Matica slovenská.  |b Nadácia  |2 snkbucl  |9 32872 
648 7 |a za r. 2004 a 2005  |2 snkbucl  |9 1306343 
650 0 7 |a príhovory  |2 snkbucl  |9 531134 
651 7 |a Nitra (Slovensko)  |2 snkbucl  |9 15714 
773 0 |t Slovenské národné noviny  |g Roč. 17 (21), č. 5 (2006), s. 3  |x 0862-8823 
852 |a SNK  |b KIS3GCP 
958 |a SK 
958 |a MS 
999 |c 2624721  |d 2626651